The University of King's College, Windsor, Nova Scotia, (Record no. 19010)

MARC details
000 -LEADER
fixed length control field 00736cam a22002171 4500
001 - CONTROL NUMBER
control field e 10001219
003 - CONTROL NUMBER IDENTIFIER
control field DLC
005 - DATE AND TIME OF LATEST TRANSACTION
control field 20260227111153.0
008 - FIXED-LENGTH DATA ELEMENTS--GENERAL INFORMATION
fixed length control field 861028s1890 nyuf 000 0 eng c
010 ## - LIBRARY OF CONGRESS CONTROL NUMBER
LC control number e 10001219
035 ## - SYSTEM CONTROL NUMBER
System control number (OCoLC)14558566
040 ## - CATALOGING SOURCE
Original cataloging agency Library, U.S. Bur. of Education
Transcribing agency MiD
Modifying agency DLC
042 ## - AUTHENTICATION CODE
Authentication code premarc
050 00 - LIBRARY OF CONGRESS CALL NUMBER
Classification number LE3.K62
Item number H5
100 1# - MAIN ENTRY--PERSONAL NAME
Personal name Hind, Henry Youle,
Dates associated with a name 1823-1908.
245 04 - TITLE STATEMENT
Title The University of King's College, Windsor, Nova Scotia,
Remainder of title 1790-1890,
Statement of responsibility, etc. by Henry Youle Hind, M.A.
260 ## - PUBLICATION, DISTRIBUTION, ETC.
Place of publication, distribution, etc. New York,
Name of publisher, distributor, etc. The Church Review Company,
Date of publication, distribution, etc. 1890.
300 ## - PHYSICAL DESCRIPTION
Extent 119 p.
Other physical details front., pl.
Dimensions 25 cm.
500 ## - GENERAL NOTE
General note Half-title: Centennial celebration, 1790-1890.
610 10 - SUBJECT ADDED ENTRY--CORPORATE NAME
Corporate name or jurisdiction name as entry element Windsor, N.S.
Subordinate unit University of King's College.

No items available.

Powered by Koha